000 00324nam a2200121Ia 4500
003 GCL
008 140319s9999 xx 000 0 eng d
040 _aGCL /
_cGCL
082 0 4 _a624.1834
_bN S
245 1 0 _aSmall Scale Modelling of Concnete Structures
260 _a[S.N] :
_bABT AKVERT SKIRA S.A ،
_c1992
300 _a349 P P
999 _c16885
_d16885